02177nam a22002657a 4500008004100000020001800041040000800059041000800067041000800075100003200083240004100115245007300156260004000229300005900269490004000328520070200368520062801070650002201698650002101720650003801741651006001779655002301839655002001862700002901882251013b |||||||| |||| 00| 0 eng d a9788419131829 cTBS aspa heng aQuinn, Juliad1970-eauthor aThe Viscount who loved me.lSpanish. aEl vizconde que me amóc/ Julia Quinn ; translated by Rosa Arruti. aMadrid :bUrano World Spain,c2024. a380 pages :billustrations (black and white) ;c24 cm. aBridgerton series Spanish ; vbk.02 aLos cotilleos de lady Whistledown no fallan nunca: una vez más, Anthony Bridgerton es el soltero más codiciado de la temporada en la alta sociedad victoriana. Pero este año, el atractivo vizconde, el amante de la diversión y el enemigo del compromiso, sorprende a todos y deciden buscar esposa y sentar cabeza. La joya más preciada, la joven y hermosa Edwina Sheffield, es su elección natural. Pero para conseguirla ha de obtener antes la aprobación de la hermana mayor de la muchacha, Kate. Anthony comprobó que convocar a esa mujer arrogante y decidida de que ha dejado de ser un vívido o no es tarea fácil. Como tampoco lo es quitársela de la cabeza cuando llega la noche. aLady Whistledown gossip never fails: once again, Anthony Bridgerton is the season's most coveted bachelor in Victorian high society. But this year, the attractive viscount, fun-loving and enemy of commitment, surprises everyone and decides to find a wife and settle down. The most precious jewel, the young and beautiful Edwina Sheffield, is her natural choice. But to get it, she must first get approval from the girl's older sister, Kate. Anthony will find that convincing this arrogant and determined woman that he is no longer a nurseryman is not an easy task. Nor is it to get it out of your head when the night comes. 0aMarriagevFiction 0aSistersvFiction 0aMan-woman relationships vFiction 0aEnglandxSocial life and customsy19th centuryvFiction 0aHistorical fiction 0aRomance fiction aArruti, Rosaetranslator